000 00258nam a22001217a 4500
008 170616b xxu||||| |||| 00| 0 eng d
041 _aeng
080 _a94
100 _a16
101 _aSHH
245 _aCASTRO'S REVOLUTION
_cDRAPER,TH
942 _2udc
_cBK
999 _c17945
_d17945